České pojišťovnictví - problémy a perspektivy rozvoje

Prednáška z konferencie ČAP k reforme dôchodkového systému v ČR, konanej v Prahe v dňoch 21.- 22. sept. 1999. História českého poisťovníctva. Transformácia českého poisťovníctva. Špecifiká súčasného českého poistného trhu. Stratégia Českej asociácie poisťovní. Počet poisťovní. Poistné a poistenosť.

Na minha lista:
Detalhes bibliográficos
Autor principal: Mráz, Vladimír
Formato: Capítulo de Livro
Idioma:tcheco
Assuntos:
Tags: Adicionar Tag
Sem tags, seja o primeiro a adicionar uma tag!

MARC

LEADER 00000naa a2200000 4500
001 r038408
005 20230922095536.4
041 0 |a cze 
044 |a CZ 
245 1 0 |a České pojišťovnictví - problémy a perspektivy rozvoje  |c Vladimír Mráz 
520 |a Prednáška z konferencie ČAP k reforme dôchodkového systému v ČR, konanej v Prahe v dňoch 21.- 22. sept. 1999. História českého poisťovníctva. Transformácia českého poisťovníctva. Špecifiká súčasného českého poistného trhu. Stratégia Českej asociácie poisťovní. Počet poisťovní. Poistné a poistenosť. 
610 2 0 |a poisťovníctvo 
610 2 0 |a Česko 
610 2 0 |a poisťovne 
610 2 0 |a poistné 
610 2 0 |a trh poistný 
100 1 |a Mráz, Vladimír